American democracy /

Saved in:
Bibliographic Details
Main Author: Hollingsworth, Joseph Rogers
Other Authors: Wiley, Bell Irvin, 1906-1980
Format: Book
Language:English
Published: N.Y. : Crowell, 1961, 1962.
Subjects:
LEADER 01047nam a22002531 4500
001 c000317355
003 CARM
005 00000000000000.0
008 851113m19611962nyu 00000 eng d
019 1 |a 4154536  |5 LACONCORD2021 
035 |a (OCoLC)219625479  |5 LACONCORD2021 
100 1 |a Hollingsworth, Joseph Rogers. 
245 1 0 |a American democracy /  |c a documentary record. Ed. by J.R.Hollingsworth and B.I.Wiley. 
260 |a N.Y. :  |b Crowell,  |c 1961,  |c 1962. 
300 |a 2v. 
505 0 |a V.1, 1620-1865. 1961. V.2, 1865-1961. 1962. 
651 0 |a United States  |x History  |x Sources. 
700 1 |a Wiley, Bell Irvin,  |d 1906-1980. 
852 8 |b CARM  |h A2:AP19A0  |i B06672  |p 0308175  |f BK 
852 8 |b CARM  |h A1:AO01A0  |i B08100  |p 0358895  |f BK 
082 0 4 |a 973 
999 f f |i d2a2fa69-1f69-5f37-8437-727909dd2430  |s a4c29808-6983-54f8-ab76-a4690e26e42a 
952 f f |p Can circulate  |a CAVAL  |b CAVAL  |c CAVAL  |d CARM 1 Store  |e B08100  |f A1:AO01A0  |h Other scheme  |i book  |m 0358895 
952 f f |p Can circulate  |a CAVAL  |b CAVAL  |c CAVAL  |d CARM 1 Store  |e B06672  |f A2:AP19A0  |h Other scheme  |i book  |m 0308175